<?xml version="1.0" encoding="UTF-8"?><?xml-stylesheet type="text/xsl" href="static/style.xsl"?><OAI-PMH xmlns="http://www.openarchives.org/OAI/2.0/" xmlns:xsi="http://www.w3.org/2001/XMLSchema-instance" xsi:schemaLocation="http://www.openarchives.org/OAI/2.0/ http://www.openarchives.org/OAI/2.0/OAI-PMH.xsd"><responseDate>2026-04-17T11:50:21Z</responseDate><request verb="GetRecord" identifier="oai:www.recercat.cat:10459.1/59784" metadataPrefix="marc">https://recercat.cat/oai/request</request><GetRecord><record><header><identifier>oai:recercat.cat:10459.1/59784</identifier><datestamp>2024-12-05T23:04:13Z</datestamp><setSpec>com_2072_3622</setSpec><setSpec>col_2072_478537</setSpec></header><metadata><record xmlns="http://www.loc.gov/MARC21/slim" xmlns:dcterms="http://purl.org/dc/terms/" xmlns:xsi="http://www.w3.org/2001/XMLSchema-instance" xmlns:doc="http://www.lyncode.com/xoai" xsi:schemaLocation="http://www.loc.gov/MARC21/slim http://www.loc.gov/standards/marcxml/schema/MARC21slim.xsd">
   <leader>00925njm 22002777a 4500</leader>
   <datafield ind2=" " ind1=" " tag="042">
      <subfield code="a">dc</subfield>
   </datafield>
   <datafield ind2=" " ind1=" " tag="720">
      <subfield code="a">Pérez Moyano, Oriol</subfield>
      <subfield code="e">author</subfield>
   </datafield>
   <datafield ind2=" " ind1=" " tag="260">
      <subfield code="c">2017-06-03T11:48:59Z</subfield>
   </datafield>
   <datafield ind2=" " ind1=" " tag="260">
      <subfield code="c">2017-06-03T11:48:59Z</subfield>
   </datafield>
   <datafield ind2=" " ind1=" " tag="260">
      <subfield code="c">2016</subfield>
   </datafield>
   <datafield ind2=" " ind1=" " tag="520">
      <subfield code="a">Aquest treball de fi de grau té com a objectiu l’anàlisi de la historiografia de les causes&#xd;
&#xd;
de la Segona Guerra Mundial, així com la seva evolució al llarg del temps. A més, es&#xd;
&#xd;
dedica especial atenció a tractar els principals xocs historiogràfics que han generat més&#xd;
&#xd;
polèmica, fins i tot fora de l’àmbit acadèmic. Des del 1945 fins a dia d’avui les causes&#xd;
&#xd;
d’aquest conflicte i llur responsabilitat han proporcionat una gran quantitat de literatura&#xd;
&#xd;
en què historiadors d’arreu del món han aportat la seva visió. Aquest estat de la qüestió&#xd;
&#xd;
és una modesta síntesi de la historiografia dels orígens de la Segona Guerra Mundial.</subfield>
   </datafield>
   <datafield ind1="8" ind2=" " tag="024">
      <subfield code="a">http://hdl.handle.net/10459.1/59784</subfield>
   </datafield>
   <datafield tag="653" ind2=" " ind1=" ">
      <subfield code="a">Dolchstoßlegende o llegenda de la punyalada l’esquena</subfield>
   </datafield>
   <datafield tag="653" ind2=" " ind1=" ">
      <subfield code="a">Tractat de Versalles</subfield>
   </datafield>
   <datafield tag="653" ind2=" " ind1=" ">
      <subfield code="a">Acord de Munic</subfield>
   </datafield>
   <datafield tag="653" ind2=" " ind1=" ">
      <subfield code="a">Nacionalsocialisme</subfield>
   </datafield>
   <datafield tag="653" ind2=" " ind1=" ">
      <subfield code="a">Espanya--Història--1936-1939, Guerra Civil</subfield>
   </datafield>
   <datafield ind2="0" ind1="0" tag="245">
      <subfield code="a">Els orígens i les causes de la Segona Guerra Mundial: un estat de la  qüestió</subfield>
   </datafield>
</record></metadata></record></GetRecord></OAI-PMH>